000 00373nam a2200133Ia 4500
008 240719s9999 xx 000 0 und d
041 _aeng
082 _a200 EAS
100 _aEknath, Easwaran
245 _aThe Bhagavad Gita For Daily Living Volume-3
260 _aMumbai
_bJaico Book
_c2013
300 _a519.; P. 24 Cm.
520 _aGifted By : IMT Faculty Dr. Pawan Jain
999 _c41261
_d41261